| 000 | 00978nam a22002417a 4500 | ||
|---|---|---|---|
| 005 | 20230922145228.0 | ||
| 010 | _a1819CHEN B-720608-628 ENG-135820 | ||
| 020 |
_a9789384930639 _c350.00 |
||
| 035 | _aB-720608-628 | ||
| 035 | _aB-728661 | ||
| 035 | _aEN-119352 | ||
| 037 |
_adpl _bEducation Gallery |
||
| 082 | _a230.1 | ||
| 100 |
_aParashar,Riddhi _957346 |
||
| 245 |
_aThree Indian epics: _bMahabharata, Bhagvad Gita, Ramayana / _cby Riddhi Parashar |
||
| 260 |
_aDelhi _bEducation Gallery _c2018 |
||
| 270 |
_a26/25, Block-26, Gali No.12, Vishwas Nagar, Shahdara _bDelhi _e110032 |
||
| 300 |
_a152p.: _bill. _c22cm(Hb) |
||
| 500 | _aAirport | ||
| 942 |
_2ddc _cCH _mPAR _h230.1 |
||
| 999 |
_c161164 _d161164 |
||